L’année 2015 - Statistiques

Statistiques générales
  • Ce quiz a été pris 114 fois
  • Le résultat moyen est 12 sur 28
Statistiques - réponses
Hint Réponse % Correct
Durant quel mois a eu lieu l’attentat contre le journal satirique Charlie Hebdo ? janvier
96%
Quelle équipe a remporté la Coupe du Monde de football féminin cette année ? États-Unis
80%
Dans quelle ville a eu lieu la COP21 ? Paris
80%
Dans quelle région française, Valérie Pécresse a t’elle été élu présidente ? Île-de-France
76%
Qui a remporté la Coupe du Monde de rugby à XV contre l’Australie ? Nouvelle-Zélande
69%
Dans quel État américain s’est déroulé le Valley Fire, l’un des incendies les plus graves des USA durant presque 1 mois ? Californie
67%
Qui devient le 23ème Premier Ministre du Canada cette année ? Justin Trudeau
66%
Contre quelle équipe la France jouait elle au Stade de France lors des attaques du 13 novembre ? Allemagne
61%
Dans quelle ville de Turquie a eu lieu un attentat devant une gare lors d’une manifestation en octobre 2015 tuant 102 personnes ? Ankara
52%
Quel groupe automobile a été touché par un scandale visant des techniques pour réduire frauduleusement le CO2 ? Volkswagen
50%
Dans quel pays sont morts les sportifs comme Florence Arthaud, Camille Muffat et Alexis Vastine suite à un accident d’hélicoptère ? Argentine
48%
Comment s’appelle le président de la FIFA qui a démissionné en juin 2015 ? Sepp Blatter
47%
Dans quel pays a eu lieu un tremblement de terre le 25 avril 2015 causant le déplacement de l’Everest de 3cm ? Népal
46%
Dans quelle service de trains à grande vitesse, un attentat a été déjoué le 21 août 2015 ? Thalys
43%
Quel pays a intégré la zone euro à la place de son ancienne monnaie le litas ? Lituanie
41%
Dans quel pays d’Afrique, un attentat a eu lieu dans un hôtel dans la ville de Sousse ? Tunisie
40%
Quel est le dernier pays au monde à avoir accorder le droit de vote aux femmes en 2015 ? Arabie Saoudite
37%
Dans quel pays, une rupture de barrages de Bento Rodrigues s’est déroulées ? Brésil
37%
Avec quel pays, les États-Unis rétablissent officiellement leurs relations diplomatiques en juillet 2015 ? Cuba
36%
Quel boxeur américain, a remporté le « combat du siècle » contre Pacquiao en mai 2015 ? Floyd Mayweather Jr
26%
Dans quel pays, le Vol Metrojet 9268 a explosé à cause de l’État Islamique causant la mort de 224 personnes ? Égypte
22%
Quel pays a abattu un bombardier russe ce qui a envenimé les relations avec la Russie ? Turquie
22%
Révélée en 2015, quelle agence de renseignement à espionné l’Élysée de 2006 à 2012 ? NSA
15%
Dans quelle ville s’est déroulée l’exposition universelle de 2015 ? Milan
13%
Comment s’appelle la nouvelle Ministre du Travail française depuis septembre 2015 ? Myriam El Khomri
12%
Quelle chaîne internationale de télévision a été victime d’une cyber attaque de l’Etat Islamique ou de hackers russes ? TV5 Monde
7%
Dans quelle ville chinoise a eu lieu des explosions dans un entrepôt chimique causant la mort de 173 personnes ? Tianjin
6%
Quel ancien chancelier fédéral d’Allemagne est mort le 10 novembre 2015 ? Helmut Schmidt
2%
Aucun quiz correspondant
Distribution des résultats
% des personnes avec chaque résultat
Percentile par nombre de réponses
Votre historique - résultats
Vous n’avez pas pris ce quiz